000 00445nam a22001577a 4500
005 20251108164243.0
008 250721s1974 xx 000 0 ara d
082 1 4 _a920/علي
100 1 _aأدهم، علي
245 1 0 _aشخصيات من تاريخية من سقراط إلى راسبوتين /
264 1 _aبيروت :
_bدار القدس،
_c1974.
300 _a238 ص
650 1 7 _aالتراجم
942 _2ddc
_cBK
999 _c7579
_d7579